Najpopularniejsza mapa każdego Majora - Statystyki

Ogólne statystyki
  • Ten quiz został rozwiązany 21 razy
  • Średni wynik to 16 z 22
Statystyki odpowiedzi
Nazwa Majora Najpopularniejsza Mapa % Poprawnych
EMS One Katowice 2014 Inferno
89%
ESL One Cologne 2014 Dust 2
83%
ELEAGUE Major 2018 Mirage
83%
IEM Katowice 2019 Mirage
83%
PGL Major Antwerp 2022 Mirage
83%
BLAST.tv Paris Major 2023 Mirage
83%
Perfect World Shanghai Major 2024 Mirage
83%
DreamHack Winter 2014 Mirage/Inferno
83%
BLAST.tv Austin Major 2025 Dust 2
78%
DreamHack Winter 2013 Inferno
78%
ESL One Katowice 2015 Inferno
78%
PGL Major Copenhagen 2024 Inferno
78%
FACEIT Major 2018 Mirage
78%
IEM Rio Major 2022 Mirage
78%
StarLadder Major Berlin 2019 Dust 2
72%
PGL Major Stockholm 2021 Inferno
72%
PGL Major Krakow 2017 Inferno/Train
72%
ESL One Cologne 2015 Cobblestone
67%
DreamHack Open Cluj-Napoca 2015 Cobblestone
67%
ESL One Cologne 2016 Cobblestone
56%
MLG Columbus 2016 Cache
44%
ELEAGUE Major 2017 Overpass
39%
Nie znaleziono quizów pasujących do podanych kryteriów
Rozkład punktacji
Procent ludzi z każdym wynikiem
Percentyl według liczby udzielonych odpowiedzi
Twoja historia wyników
Nie rozwiązałeś tego quizu